[Event "Titled Tuesday intern op 12th Dec Early"]
[Site "Chess.com INT"]
[Date "2023.12.12"]
[Round "7"]
[White "Aketayeva, Dana"]
[Black "Goncalves, Davi Sulzbacher"]
[Result "0-1"]
[WhiteElo "2130"]
[BlackElo "2284"]
[PlyCount "62"]
[EventDate "2023.12.12"]
[EventType "swiss (blitz)"]
[EventRounds "11"]
[EventCountry "USA"]
[SourceTitle "CB51_2023"]
[SourceDate "2023.12.20"]
[SourceVersion "1"]
[SourceVersionDate "2023.12.20"]
[SourceQuality "1"]

1. d4 Nf6 2. Nf3 d5 3. g3 Bf5 4. Bg2 Qc8 5. 0-0 Bh3 6. c4 h5 7. cxd5 h4 8. Qa4+ c6 9. dxc6 Nxc6 10. Bg5 hxg3 11. fxg3 Bxg2 12. Kxg2 Qh3+ 13. Kf2 Ne4+ 14. Ke1 e6 15. Nc3 Bb4 16. Bd2 Nxd2 17. Kxd2 0-0 18. Rad1 Rac8 19. Ke1 Bd6 20. Kf2 g5 21. d5 Ne5 22. Nxe5 Qxh2+ 23. Kf3 Bxe5 24. Qg4 Qh6 25. dxe6 f5 26. Qa4 g4+ 27. Kf2 Qh3 28. Rg1 Qh2+ 29. Rg2 Bxg3+ 30. Ke3 Qxg2 31. e7 Qf2+ 0-1

[Event "Titled Tuesday intern op 14th Nov Early"]
[Site "Chess.com INT"]
[Date "2023.11.14"]
[Round "8"]
[White "Aketayeva, Dana"]
[Black "Arngrimsson, Dagur"]
[Result "0-1"]
[WhiteElo "2130"]
[BlackElo "2366"]
[PlyCount "136"]
[EventDate "2023.11.14"]
[EventType "swiss (blitz)"]
[EventRounds "11"]
[EventCountry "USA"]
[SourceTitle "CB47_2023"]
[SourceDate "2023.11.22"]
[SourceVersion "1"]
[SourceVersionDate "2023.11.22"]
[SourceQuality "1"]

1. d4 d5 2. Nf3 Nf6 3. g3 Bf5 4. Bg2 e6 5. c4 Be7 6. Nc3 0-0 7. Nd2 Nc6 8. cxd5 Nxd4 9. e4 Bg4 10. f3 Bh5 11. dxe6 Bc5 12. exf7+ Bxf7 13. Na4 Qe7 14. a3 Rad8 15. 0-0 Nb3+ 16. Kh1 Nxa1 17. b4 Bb3 18. Qe1 Bxa4 19. bxc5 Nb3 20. Nxb3 Bxb3 21. Qb4 Qe6 22. Bf4 Rd1 23. Qxb7 Rxf1+ 24. Bxf1 Nh5 25. Qxc7 Nxf4 26. gxf4 Bc4 27. Qe5 Qf7 28. Bxc4 Qxc4 29. Qd5+ Qxd5 30. exd5 Rf5 31. d6 Rxc5 32. d7 Rd5 33. Kg2 Rxd7 34. Kg3 Rd2 35. Kg4 Rd3 36. Kf5 Rxf3 37. a4 Ra3 38. Ke6 Rxa4 39. f5 Rh4 40. f6 Rh6 41. Ke7 Rxf6 42. h4 h5 43. Ke8 Rf4 44. Ke7 Rxh4 45. Ke8 Rg4 46. Ke7 Kh7 47. Ke8 Kh6 48. Kf7 g6 49. Kg8 h4 50. Kh8 Kh5 51. Kg8 g5 52. Kh7 Rf4 53. Kg7 h3 54. Kh7 g4 55. Kg7 Rf3 56. Kh7 Kh4 57. Kg6 h2 58. Kh6 g3 59. Kg6 Rf2 60. Kh6 Kg4 61. Kg6 Rf3 62. Kh6 Rf5 63. Kg6 g2 64. Kh6 Rf3 65. Kg6 Kg3 66. Kg5 g1Q 67. Kh5 h1Q+ 68. Kg5 Kf2# 0-1

[Event "Titled Tuesday intern op 19th Sep Early"]
[Site "Chess.com INT"]
[Date "2023.09.19"]
[Round "1"]
[White "Aketayeva, Dana"]
[Black "Bettalli, Francesco"]
[Result "1-0"]
[WhiteElo "2130"]
[BlackElo "2274"]
[PlyCount "103"]
[EventDate "2023.09.19"]
[EventType "swiss (blitz)"]
[EventRounds "11"]
[EventCountry "USA"]
[SourceTitle "EXT 2024"]
[Source "ChessBase"]
[SourceDate "2023.10.10"]
[SourceVersion "1"]
[SourceVersionDate "2023.10.10"]
[SourceQuality "1"]

1. d4 Nf6 2. Nf3 c5 3. g3 cxd4 4. Nxd4 Nc6 5. Bg2 e5 6. Nxc6 bxc6 7. 0-0 d5 8. c4 Be6 9. Nc3 Rc8 10. cxd5 cxd5 11. Bg5 d4 12. Ne4 Be7 13. Bxf6 gxf6 14. Rc1 f5 15. Nd2 0-0 16. b3 Qa5 17. Nc4 Bxc4 18. Rxc4 Rxc4 19. bxc4 Qxa2 20. Qd3 e4 21. Qxd4 Qxe2 22. Qxa7 Bg5 23. Qd7 Qg4 24. h3 Qh5 25. Qxf5 Qg6 26. Qxg6+ hxg6 27. Bxe4 Kg7 28. h4 Bf6 29. Rc1 Bd4 30. c5 Rc8 31. c6 Rc7 32. Kf1 Kf6 33. Rc4 Ke5 34. Bf3 f5 35. Ra4 Bc3 36. Ra3 Bb4 37. Rb3 Bd6 38. Rb5+ Kf6 39. Rd5 Be5 40. Rd8 g5 41. h5 g4 42. Bd5 Kg5 43. Rf8 Bf6 44. h6 Rh7 45. Rf7 Rh8 46. h7 Kg6 47. c7 Be5 48. Re7 Bd4 49. Bg8 Bc5 50. Re6+ Kg5 51. c8Q f4 52. Qxc5# 1-0

[Event "Titled Tuesday intern op 19th Sep Early"]
[Site "Chess.com INT"]
[Date "2023.09.19"]
[Round "9"]
[White "Aketayeva, Dana"]
[Black "Dmitrenko, Viktor"]
[Result "1-0"]
[WhiteElo "2130"]
[BlackElo "2395"]
[PlyCount "201"]
[EventDate "2023.09.19"]
[EventType "swiss (blitz)"]
[EventRounds "11"]
[EventCountry "USA"]
[SourceTitle "EXT 2024"]
[Source "ChessBase"]
[SourceDate "2023.10.10"]
[SourceVersion "1"]
[SourceVersionDate "2023.10.10"]
[SourceQuality "1"]

1. d4 d5 2. Nf3 Nf6 3. g3 g6 4. Bg2 Bg7 5. 0-0 0-0 6. Ne5 Nbd7 7. c4 c6 8. cxd5 cxd5 9. Nc3 e6 10. Bg5 h6 11. Bf4 Nh5 12. Nxd7 Bxd7 13. Be5 Bc6 14. Bf3 Bxe5 15. dxe5 Ng7 16. e3 Qc7 17. Qd4 Nf5 18. Qf4 g5 19. Qb4 Qxe5 20. Rfe1 Qd6 21. Qb3 Rac8 22. Rad1 Qc7 23. e4 dxe4 24. Nxe4 Bxe4 25. Bxe4 Nd6 26. Bb1 Rcd8 27. Re2 Kg7 28. Red2 Nc8 29. Qb4 Rxd2 30. Qxd2 Qe5 31. Qd3 Rh8 32. Qd7 Qc5 33. Re1 Ne7 34. Be4 Kf6 35. Rd1 Nf5 36. Bxf5 Qxf5 37. Qd4+ Qe5 38. Qd7 b6 39. b4 h5 40. Qxa7 h4 41. Qxb6 hxg3 42. hxg3 Qe4 43. Qd4+ Qxd4 44. Rxd4 Ra8 45. Rd2 g4 46. b5 Ke5 47. b6 Rb8 48. Rb2 Kd6 49. a4 Kc6 50. a5 Kb7 51. Rb4 Ka6 52. Ra4 Rc8 53. Rxg4 Kxa5 54. b7 Rb8 55. Rg7 Rxb7 56. g4 Kb6 57. g5 Rc7 58. Kg2 Kc6 59. Kg3 Kd6 60. Kg4 Rc4+ 61. f4 Ke7 62. g6 Kf6 63. Rxf7+ Kxg6 64. Rf8 Rc1 65. Rd8 Rg1+ 66. Kf3 Rf1+ 67. Kg3 Rg1+ 68. Kf2 Rc1 69. Rf8 Rc2+ 70. Kf3 Rc1 71. Ke4 Re1+ 72. Kf3 Rf1+ 73. Ke4 Re1+ 74. Kd4 Rf1 75. Ke5 Re1+ 76. Kd6 Kg7 77. Ke7 e5 78. Rf7+ Kg6 79. Rf6+ Kg7 80. f5 e4 81. Rg6+ Kh7 82. Rg4 Rf1 83. f6 e3 84. Re4 Rf2 85. Rxe3 Kg6 86. Rg3+ Kh7 87. f7 Re2+ 88. Kf6 Rf2+ 89. Ke6 Re2+ 90. Kf6 Rf2+ 91. Ke7 Re2+ 92. Kf8 Rf2 93. Rg5 Kh6 94. Rg4 Kh7 95. Rh4+ Kg6 96. Rg4+ Kh7 97. Re4 Kg6 98. Re6+ Kh7 99. Ke7 Ra2 100. f8Q Ra7+ 101. Kf6 1-0

[Event "Titled Tuesday intern op 19th Sep Early"]
[Site "Chess.com INT"]
[Date "2023.09.19"]
[Round "7"]
[White "Aketayeva, Dana"]
[Black "Dwilewicz, Katarzyna"]
[Result "0-1"]
[WhiteElo "2130"]
[BlackElo "2098"]
[PlyCount "70"]
[EventDate "2023.09.19"]
[EventType "swiss (blitz)"]
[EventRounds "11"]
[EventCountry "USA"]
[SourceTitle "EXT 2024"]
[Source "ChessBase"]
[SourceDate "2023.10.10"]
[SourceVersion "1"]
[SourceVersionDate "2023.10.10"]
[SourceQuality "1"]

1. d4 g6 2. Nf3 Bg7 3. g3 d6 4. Bg2 Nd7 5. 0-0 e5 6. Nc3 Ne7 7. a4 0-0 8. a5 a6 9. b4 f5 10. Bg5 h6 11. Bxe7 Qxe7 12. Nd5 Qd8 13. dxe5 dxe5 14. c3 c6 15. Ne3 Qe7 16. Qb3+ Kh7 17. Rad1 Nf6 18. Qc2 Ne4 19. Nd2 Nxd2 20. Qxd2 Be6 21. Qd6 Rae8 22. Rd2 Rf7 23. Rc1 Bf8 24. Qxe5 Bg7 25. Qd6 Qf6 26. Nc2 Rd7 27. Qxd7 Bxd7 28. Rxd7 Qxc3 29. e4 Qb2 30. Rdd1 fxe4 31. Ne3 Qxb4 32. Rc4 Qxa5 33. Bxe4 Qb6 34. Rd7 Rxe4 35. Rxe4 Qb1+ 0-1

[Event "Titled Tuesday intern op 19th Sep Early"]
[Site "Chess.com INT"]
[Date "2023.09.19"]
[Round "11"]
[White "Todorovic, Bojan"]
[Black "Aketayeva, Dana"]
[Result "1-0"]
[WhiteElo "2150"]
[BlackElo "2130"]
[PlyCount "105"]
[EventDate "2023.09.19"]
[EventType "swiss (blitz)"]
[EventRounds "11"]
[EventCountry "USA"]
[SourceTitle "EXT 2024"]
[Source "ChessBase"]
[SourceDate "2023.10.10"]
[SourceVersion "1"]
[SourceVersionDate "2023.10.10"]
[SourceQuality "1"]

1. d4 Nf6 2. c4 e6 3. Nc3 Bb4 4. Qc2 d5 5. cxd5 Nxd5 6. Bd2 0-0 7. Nf3 c5 8. Nxd5 Bxd2+ 9. Qxd2 Qxd5 10. dxc5 Qxc5 11. Rc1 Qb6 12. e3 Nc6 13. Be2 Qb4 14. 0-0 Qxd2 15. Nxd2 e5 16. Nc4 Be6 17. a3 Rfd8 18. Bf3 Bd5 19. Rfd1 Bxf3 20. gxf3 f6 21. Nd6 Rd7 22. Nxb7 Rxd1+ 23. Rxd1 Rb8 24. Rd7 a5 25. Rc7 Nd8 26. Nxa5 Ne6 27. Rc2 Ng5 28. Kg2 f5 29. h4 Ne6 30. Nc6 Rb5 31. Ne7+ Kf7 32. Nxf5 Rb3 33. Nd6+ Ke7 34. Ne4 h6 35. Nd2 Rd3 36. Nc4 Kf6 37. b4 g5 38. hxg5+ Nxg5 39. b5 h5 40. b6 h4 41. b7 h3+ 42. Kg3 Rd8 43. Nxe5 Rh8 44. Rc8 Rh7 45. b8Q h2 46. Ng4+ Kg6 47. Nxh2 Rh3+ 48. Kg2 Rxh2+ 49. Qxh2 Nxf3 50. Kxf3 Kg7 51. Qe5+ Kg6 52. Rg8+ Kf7 53. Rg7+ 1-0

[Event "Titled Tuesday intern op 12th Sep Early"]
[Site "Chess.com INT"]
[Date "2023.09.12"]
[Round "7"]
[White "Aketayeva, Dana"]
[Black "Mesa Cruz, Juan Carlos"]
[Result "1-0"]
[WhiteElo "2130"]
[BlackElo "2139"]
[PlyCount "67"]
[EventDate "2023.09.12"]
[EventType "swiss (blitz)"]
[EventRounds "11"]
[EventCountry "USA"]
[SourceTitle "EXT 2024"]
[Source "ChessBase"]
[SourceDate "2023.10.10"]
[SourceVersion "1"]
[SourceVersionDate "2023.10.10"]
[SourceQuality "1"]

1. d4 Nf6 2. Nf3 e6 3. g3 Be7 4. Bg2 0-0 5. 0-0 d5 6. c4 dxc4 7. Nbd2 b5 8. a4 c6 9. Qc2 Na6 10. Ne5 Nb4 11. Qd1 Nfd5 12. e4 Nb6 13. a5 Na4 14. Ndxc4 f6 15. Ng4 bxc4 16. Qxa4 Ba6 17. Rd1 Bb5 18. Qa3 Nc2 19. Qc3 Nxa1 20. d5 e5 21. Bf1 Nb3 22. Be3 Qxa5 23. Qc2 cxd5 24. Rxd5 a6 25. Bxc4 Kh8 26. Bxb3 Rac8 27. Qd1 Rfd8 28. Kg2 Qc7 29. h4 h5 30. Nh2 g6 31. Nf3 Rxd5 32. Qxd5 Bc6 33. Qf7 Rg8 34. Qxg8# 1-0

[Event "Titled Tuesday intern op 12th Sep Early"]
[Site "Chess.com INT"]
[Date "2023.09.12"]
[Round "1"]
[White "Jia, Haoxiang"]
[Black "Aketayeva, Dana"]
[Result "1-0"]
[WhiteElo "2331"]
[BlackElo "2130"]
[PlyCount "83"]
[EventDate "2023.09.12"]
[EventType "swiss (blitz)"]
[EventRounds "11"]
[EventCountry "USA"]
[SourceTitle "EXT 2024"]
[Source "ChessBase"]
[SourceDate "2023.10.10"]
[SourceVersion "1"]
[SourceVersionDate "2023.10.10"]
[SourceQuality "1"]

1. d4 Nf6 2. Nf3 e6 3. Bf4 c5 4. c3 cxd4 5. cxd4 b6 6. Nc3 Be7 7. e4 d6 8. Bb5+ Bd7 9. Rc1 0-0 10. 0-0 a6 11. Bd3 Ne8 12. Qe2 Nc6 13. d5 Nb4 14. Bb1 e5 15. Be3 a5 16. a3 Na6 17. Bd3 Nc5 18. Bb5 Nf6 19. Bxc5 bxc5 20. Nd2 Rb8 21. a4 Ne8 22. Nc4 Nc7 23. Bxd7 Qxd7 24. Nxa5 Rb4 25. Nc6 Rb7 26. a5 Ra8 27. Ra1 Na6 28. Na4 Nb4 29. Nb6 Rxb6 30. axb6 Rxa1 31. Nxe7+ Qxe7 32. Rxa1 g6 33. Qb5 Qg5 34. b7 Kg7 35. b8Q Nc2 36. Rf1 Nd4 37. Qd3 Qf4 38. Qxd6 h5 39. Qxc5 h4 40. Qe3 Qg4 41. h3 Ne2+ 42. Kh2 1-0

[Event "Titled Tuesday intern op 12th Sep Early"]
[Site "Chess.com INT"]
[Date "2023.09.12"]
[Round "11"]
[White "Nakhbayeva, Guliskhan"]
[Black "Aketayeva, Dana"]
[Result "1-0"]
[WhiteElo "2326"]
[BlackElo "2130"]
[PlyCount "91"]
[EventDate "2023.09.12"]
[EventType "swiss (blitz)"]
[EventRounds "11"]
[EventCountry "USA"]
[SourceTitle "EXT 2024"]
[Source "ChessBase"]
[SourceDate "2023.10.10"]
[SourceVersion "1"]
[SourceVersionDate "2023.10.10"]
[SourceQuality "1"]

1. d4 Nf6 2. Nf3 e6 3. c4 d5 4. g3 Bb4+ 5. Bd2 Qe7 6. Bg2 Ne4 7. 0-0 0-0 8. a3 Bxd2 9. Nbxd2 c6 10. Qc2 f5 11. Ne5 Nd7 12. Nxd7 Bxd7 13. Rac1 g5 14. f3 Nxd2 15. Qxd2 Rf7 16. e4 fxe4 17. fxe4 Raf8 18. exd5 Rxf1+ 19. Rxf1 Rxf1+ 20. Kxf1 h6 21. dxc6 Bxc6 22. Bxc6 bxc6 23. Kg2 Qb7 24. Qb4 Qd7 25. Qb8+ Kh7 26. Qe5 Qb7 27. Qe4+ Kg7 28. b4 Qa6 29. Qxe6 Qxa3 30. Qd7+ Kg8 31. Qe8+ Kg7 32. Qd7+ Kf8 33. Qxc6 Qxb4 34. Qxh6+ Kf7 35. Qh7+ Kf6 36. Qh8+ Kg6 37. Qe8+ Kg7 38. Qd7+ Kg6 39. Qxa7 Qd2+ 40. Kh3 g4+ 41. Kxg4 Qe2+ 42. Kf4 Qf2+ 43. Ke4 Qe2+ 44. Kd5 Qf3+ 45. Kc5 Qf6 46. Qb6 1-0

[Event "Titled Tuesday intern op 12th Sep Early"]
[Site "Chess.com INT"]
[Date "2023.09.12"]
[Round "9"]
[White "Perez Perez, Gabriel"]
[Black "Aketayeva, Dana"]
[Result "1-0"]
[WhiteElo "2239"]
[BlackElo "2130"]
[PlyCount "55"]
[EventDate "2023.09.12"]
[EventType "swiss (blitz)"]
[EventRounds "11"]
[EventCountry "USA"]
[SourceTitle "EXT 2024"]
[Source "ChessBase"]
[SourceDate "2023.10.10"]
[SourceVersion "1"]
[SourceVersionDate "2023.10.10"]
[SourceQuality "1"]

1. e4 c5 2. Nc3 Nc6 3. Bb5 g6 4. Nf3 Bg7 5. 0-0 Nd4 6. Re1 Nxb5 7. Nxb5 Nf6 8. d4 cxd4 9. Qxd4 0-0 10. e5 Ne8 11. Nxa7 Qa5 12. Nxc8 Rxc8 13. Qxd7 Rxc2 14. Qxe7 Nc7 15. Bd2 Qb6 16. Qd6 Qxb2 17. Reb1 Rxd2 18. Qxd2 Qa3 19. Rxb7 Ne6 20. Qb4 Qd3 21. Qb5 Qc3 22. Qb2 Qc6 23. a4 Nc5 24. Rb6 Qe4 25. Qb4 Qc2 26. Rc6 Nd3 27. Qxf8+ Bxf8 28. Rxc2 1-0

[Event "Titled Tuesday intern op 05th Sep Early"]
[Site "Chess.com INT"]
[Date "2023.09.05"]
[Round "2"]
[White "Aketayeva, Dana"]
[Black "Hernandez Gonzalez, William"]
[Result "0-1"]
[WhiteElo "2130"]
[BlackElo "2487"]
[PlyCount "70"]
[EventDate "2023.09.05"]
[EventType "swiss (blitz)"]
[EventRounds "11"]
[EventCountry "USA"]
[SourceTitle "EXT 2024"]
[Source "ChessBase"]
[SourceDate "2023.10.10"]
[SourceVersion "1"]
[SourceVersionDate "2023.10.10"]
[SourceQuality "1"]

1. d4 Nf6 2. Nf3 e6 3. g3 b5 4. Bg2 Bb7 5. 0-0 Be7 6. a4 b4 7. c3 a5 8. b3 bxc3 9. Nxc3 Na6 10. Bf4 0-0 11. Ne5 Bxg2 12. Kxg2 Nb4 13. Nd3 Qc8 14. Kg1 Qb7 15. Nc5 Qb6 16. Nb5 d6 17. Nd3 Nfd5 18. e4 Nxd3 19. Qxd3 Nxf4 20. gxf4 c6 21. Na3 d5 22. e5 f6 23. Kh1 fxe5 24. fxe5 Rf4 25. Nc2 Raf8 26. f3 c5 27. Rad1 Rb8 28. Rb1 cxd4 29. Qd2 Rbf8 30. b4 axb4 31. Nxb4 Qc7 32. Nd3 Rxf3 33. Rxf3 Rxf3 34. Rf1 Rxf1+ 35. Kg2 Rf8 0-1

[Event "Titled Tuesday intern op 05th Sep Early"]
[Site "Chess.com INT"]
[Date "2023.09.05"]
[Round "4"]
[White "Devaev, Alexander"]
[Black "Aketayeva, Dana"]
[Result "1-0"]
[WhiteElo "2325"]
[BlackElo "2130"]
[PlyCount "101"]
[EventDate "2023.09.05"]
[EventType "swiss (blitz)"]
[EventRounds "11"]
[EventCountry "USA"]
[SourceTitle "EXT 2024"]
[Source "ChessBase"]
[SourceDate "2023.10.10"]
[SourceVersion "1"]
[SourceVersionDate "2023.10.10"]
[SourceQuality "1"]

1. Nf3 Nf6 2. d4 e6 3. c4 Bb4+ 4. Bd2 Qe7 5. Qc2 d5 6. e3 Ne4 7. Bd3 Nxd2 8. Nbxd2 h6 9. 0-0 0-0 10. Rac1 c6 11. e4 Bxd2 12. Qxd2 dxe4 13. Bxe4 Nd7 14. Rfe1 Nf6 15. c5 Rd8 16. Ne5 Bd7 17. Qe3 Be8 18. Nc4 Rd7 19. Rcd1 Rad8 20. Nd6 Kf8 21. f4 a6 22. Bf3 Nd5 23. Bxd5 cxd5 24. b4 Rxd6 25. cxd6 Qxd6 26. a3 Bb5 27. Rc1 Bc4 28. Rc3 b5 29. Qf2 Re8 30. Rg3 g6 31. Rh3 h5 32. Qe3 Qe7 33. Rg3 Qf6 34. Rg5 Rc8 35. Re5 Bb3 36. Rc1 Rxc1+ 37. Qxc1 Qd8 38. Qc5+ Kg8 39. Qc3 Bc4 40. Qg3 Qf6 41. Qg5 Qxg5 42. fxg5 Kf8 43. g3 Ke7 44. Re1 Bd3 45. Kf2 Bc4 46. Ke3 Kd6 47. Kf4 Bb3 48. h4 Bc4 49. g4 hxg4 50. Kxg4 Bb3 51. Rf1 1-0

[Event "Titled Tuesday intern op 05th Sep Early"]
[Site "Chess.com INT"]
[Date "2023.09.05"]
[Round "10"]
[White "Frayna, Janelle Mae"]
[Black "Aketayeva, Dana"]
[Result "1-0"]
[WhiteElo "2215"]
[BlackElo "2130"]
[PlyCount "45"]
[EventDate "2023.09.05"]
[EventType "swiss (blitz)"]
[EventRounds "11"]
[EventCountry "USA"]
[SourceTitle "EXT 2024"]
[Source "ChessBase"]
[SourceDate "2023.10.10"]
[SourceVersion "1"]
[SourceVersionDate "2023.10.10"]
[SourceQuality "1"]

1. e4 c5 2. Nc3 Nc6 3. f4 g6 4. Nf3 Bg7 5. Bb5 Nd4 6. 0-0 Nxb5 7. Nxb5 Nf6 8. d3 0-0 9. Qe1 d6 10. f5 a6 11. Nc3 b5 12. Qh4 b4 13. Ne2 Qb6 14. Bh6 c4+ 15. Kh1 cxd3 16. cxd3 Bd7 17. Ng5 Qe3 18. fxg6 fxg6 19. Bxg7 Kxg7 20. Rxf6 Kxf6 21. Rf1+ Ke5 22. d4+ Qxd4 23. Qg3+ 1-0

[Event "Titled Tuesday intern op 05th Sep Early"]
[Site "Chess.com INT"]
[Date "2023.09.05"]
[Round "9"]
[White "Shah, Vishwa Megh"]
[Black "Aketayeva, Dana"]
[Result "0-1"]
[WhiteElo "2186"]
[BlackElo "2130"]
[PlyCount "66"]
[EventDate "2023.09.05"]
[EventType "swiss (blitz)"]
[EventRounds "11"]
[EventCountry "USA"]
[SourceTitle "EXT 2024"]
[Source "ChessBase"]
[SourceDate "2023.10.10"]
[SourceVersion "1"]
[SourceVersionDate "2023.10.10"]
[SourceQuality "1"]

1. e4 c5 2. c3 d5 3. exd5 Qxd5 4. d4 Nf6 5. Nf3 Bg4 6. Nbd2 e6 7. dxc5 Bxc5 8. Qa4+ Nc6 9. Be2 0-0 10. 0-0 a6 11. h3 b5 12. Qf4 Bd6 13. Qe3 Bc5 14. Qf4 e5 15. Qg3 Bxf3 16. Nxf3 e4 17. Nh2 Rad8 18. Bh6 Ne8 19. Rad1 Qe6 20. Bf4 Nf6 21. h4 Ne7 22. h5 Nf5 23. Qh3 e3 24. h6 exf2+ 25. Kh1 Nxh6 26. Bxh6 Qxh3 27. gxh3 gxh6 28. Ng4 Nxg4 29. Bxg4 Rxd1 30. Rxd1 f5 31. Bf3 Kg7 32. Kg2 Rf6 33. Rd5 Rg6+ 0-1

[Event "Titled Tuesday intern op 29th Aug Early"]
[Site "Chess.com INT"]
[Date "2023.08.29"]
[Round "10"]
[White "Aketayeva, Dana"]
[Black "Estrada Nieto, Julian"]
[Result "0-1"]
[WhiteElo "2130"]
[BlackElo "2217"]
[PlyCount "100"]
[EventDate "2023.08.29"]
[EventType "swiss (blitz)"]
[EventRounds "11"]
[EventCountry "USA"]
[SourceTitle "EXT 2024"]
[Source "ChessBase"]
[SourceDate "2023.10.10"]
[SourceVersion "1"]
[SourceVersionDate "2023.10.10"]
[SourceQuality "1"]

1. d4 d5 2. Nf3 Nf6 3. g3 c6 4. Bg2 Bf5 5. 0-0 h6 6. c4 e6 7. Nc3 Nbd7 8. Nd2 Be7 9. e4 dxe4 10. Ndxe4 0-0 11. Be3 Nxe4 12. Nxe4 Nf6 13. Nc3 Qa5 14. Qb3 Qb6 15. Qxb6 axb6 16. a3 Rfd8 17. d5 exd5 18. Bxb6 Rd7 19. cxd5 Nxd5 20. Nxd5 cxd5 21. Rfd1 Be6 22. Rac1 Bf6 23. Bd4 Be7 24. Rc3 f6 25. Re1 Bf7 26. Bh3 Rad8 27. Bxd7 Rxd7 28. Rec1 Bd6 29. Bc5 Be5 30. R3c2 d4 31. Rd2 f5 32. f4 Bf6 33. Rcd1 Bb3 34. Re1 Kf7 35. Kf2 d3 36. Re3 Bc2 37. Re1 Bxb2 38. a4 Bc3 39. Be3 Rc7 40. Red1 Bxd2 41. Rxd2 Rc4 42. a5 Ra4 43. Bb6 Ke6 44. Ke3 Kd5 45. Rf2 Kc4 46. Kd2 Ra1 47. Ke3 Re1+ 48. Kf3 Kc3 49. Be3 Bd1+ 50. Kg2 Rxe3 0-1

[Event "Titled Tuesday intern op 29th Aug Early"]
[Site "Chess.com INT"]
[Date "2023.08.29"]
[Round "2"]
[White "Aketayeva, Dana"]
[Black "Todorovic, Bojan"]
[Result "1-0"]
[WhiteElo "2130"]
[BlackElo "2195"]
[PlyCount "77"]
[EventDate "2023.08.29"]
[EventType "swiss (blitz)"]
[EventRounds "11"]
[EventCountry "USA"]
[SourceTitle "EXT 2024"]
[Source "ChessBase"]
[SourceDate "2023.10.10"]
[SourceVersion "1"]
[SourceVersionDate "2023.10.10"]
[SourceQuality "1"]

1. d4 g6 2. Nf3 Bg7 3. g3 d6 4. Bg2 Nf6 5. 0-0 0-0 6. Nc3 d5 7. Re1 Bf5 8. Ne5 c6 9. a4 a5 10. Be3 Na6 11. Qd2 Nb4 12. Rac1 Nd7 13. Nd3 Nb6 14. b3 Nxd3 15. exd3 Nc8 16. Bh6 Qd6 17. Bxg7 Kxg7 18. Nd1 Qf6 19. Ne3 Bd7 20. c4 e6 21. Ng4 Qxd4 22. Qh6+ Kg8 23. h3 Ne7 24. Ne5 Nf5 25. Qd2 Be8 26. g4 Nh4 27. Qh6 Nxg2 28. Kxg2 f6 29. Nf3 Qxd3 30. Rxe6 Rf7 31. Rce1 Bd7 32. Re7 Raf8 33. g5 Qf5 34. gxf6 Qxf6 35. Ng5 Qxf2+ 36. Kh1 Rxe7 37. Rxe7 Qf1+ 38. Kh2 Qg2+ 39. Kxg2 1-0

[Event "Titled Tuesday intern op 29th Aug Early"]
[Site "Chess.com INT"]
[Date "2023.08.29"]
[Round "9"]
[White "Avila Rodriguez, Joshua Ad"]
[Black "Aketayeva, Dana"]
[Result "0-1"]
[WhiteElo "2239"]
[BlackElo "2130"]
[PlyCount "94"]
[EventDate "2023.08.29"]
[EventType "swiss (blitz)"]
[EventRounds "11"]
[EventCountry "USA"]
[SourceTitle "EXT 2024"]
[Source "ChessBase"]
[SourceDate "2023.10.10"]
[SourceVersion "1"]
[SourceVersionDate "2023.10.10"]
[SourceQuality "1"]

1. e4 c5 2. Nf3 Nc6 3. d4 cxd4 4. Nxd4 Nf6 5. Nc3 e5 6. Ndb5 d6 7. Nd5 Nxd5 8. exd5 Nb8 9. c4 Be7 10. Bd3 0-0 11. 0-0 f5 12. c5 a6 13. cxd6 Bxd6 14. Nxd6 Qxd6 15. Be2 b5 16. a4 b4 17. Qb3 Bb7 18. Rd1 a5 19. Be3 f4 20. Bd2 Nd7 21. Rac1 Nc5 22. Qa2 Kh8 23. Be1 e4 24. f3 e3 25. Rd4 Rac8 26. Rcd1 h6 27. b3 Rc7 28. Qb2 Rfc8 29. g3 Nxa4 30. Qa1 Nc3 31. Bxc3 Rxc3 32. Qxa5 Rc2 33. Qb5 Rxe2 34. Qxe2 g5 35. gxf4 gxf4 36. Qd3 Rg8+ 37. Kf1 Qd7 38. Rc4 Qh3+ 39. Ke1 Qxh2 40. Qf1 Rg1 41. Qxg1 Qxg1+ 42. Ke2 Qf2+ 43. Kd3 Qxf3 44. Re1 Qxd5+ 45. Ke2 Ba6 46. Kf1 Bxc4+ 47. bxc4 Qxc4+ 0-1

[Event "Titled Tuesday intern op 29th Aug Early"]
[Site "Chess.com INT"]
[Date "2023.08.29"]
[Round "6"]
[White "Forgacs, Attila Jr"]
[Black "Aketayeva, Dana"]
[Result "1-0"]
[WhiteElo "2265"]
[BlackElo "2130"]
[PlyCount "69"]
[EventDate "2023.08.29"]
[EventType "swiss (blitz)"]
[EventRounds "11"]
[EventCountry "USA"]
[SourceTitle "EXT 2024"]
[Source "ChessBase"]
[SourceDate "2023.10.10"]
[SourceVersion "1"]
[SourceVersionDate "2023.10.10"]
[SourceQuality "1"]

1. e4 c5 2. Nf3 Nc6 3. d4 cxd4 4. Nxd4 Nf6 5. Nc3 e5 6. Ndb5 d6 7. Nd5 Nxd5 8. exd5 Nb8 9. a4 Be7 10. Be2 0-0 11. 0-0 f5 12. f4 e4 13. Be3 Bf6 14. c3 a6 15. Na3 Nd7 16. Nc4 Nc5 17. a5 Kh8 18. b4 Bxc3 19. bxc5 Bxa1 20. Qxa1 dxc5 21. d6 Be6 22. Nb6 Rb8 23. Bxc5 Rf7 24. Qe5 Bd7 25. Bc4 Rf6 26. Qe7 Bc6 27. Bd4 Rg6 28. Bf7 Qxd6 29. Qxd6 Rxd6 30. Be5 Rd2 31. Bxb8 e3 32. Re1 Rxg2+ 33. Kf1 Rxh2 34. Rxe3 Bb5+ 35. Kg1 1-0

[Event "Titled Tuesday intern op 01st Aug Early"]
[Site "Chess.com INT"]
[Date "2023.08.01"]
[Round "10"]
[White "Aketayeva, Dana"]
[Black "Shapiro, Daniel E"]
[Result "0-1"]
[WhiteElo "2130"]
[BlackElo "2284"]
[PlyCount "58"]
[EventDate "2023.08.01"]
[EventType "swiss (blitz)"]
[EventRounds "11"]
[EventCountry "USA"]
[SourceTitle "EXT 2024"]
[Source "ChessBase"]
[SourceDate "2023.10.10"]
[SourceVersion "1"]
[SourceVersionDate "2023.10.10"]
[SourceQuality "1"]

1. d4 Nf6 2. Nf3 b6 3. g3 d5 4. Bg2 e6 5. 0-0 Be7 6. c4 c6 7. Nc3 Bb7 8. Nd2 Nbd7 9. e4 0-0 10. b3 Rc8 11. Bb2 a5 12. Rc1 Ba6 13. Re1 dxe4 14. Ndxe4 Re8 15. d5 exd5 16. cxd5 Nxe4 17. Nxe4 cxd5 18. Qxd5 Nc5 19. Nxc5 Qxd5 20. Bxd5 Bxc5 21. Kg2 Red8 22. Rcd1 Rxd5 23. Rxd5 Bb7 24. Ree5 Rd8 25. Kf1 Bxd5 26. Rg5 Bf8 27. Bf6 Rd6 28. Bb2 Bf3 29. Ke1 Rd1# 0-1